Southville International School and Colleges
Your cart is empty.
  • Cart
  • Lists
    Public lists Eva Luna New books Lux_list list_1
    Your lists Log in to create your own lists
  • Log in to your account
  • Your cookies
  • Search history
Southville International School and Colleges
  • Advanced search
  • Recent comments
  • Most popular
  • Libraries

Log in to your account

Log in with GOOGLE


If you do not have an external account, but do have a local account, you can still log in:

  1. Home
  2. MARC view: Killer lipstick and other spy gadgets /
Normal view MARC view ISBD view

Killer lipstick and other spy gadgets / (Record no. 359825)

[ view plain ]
MARC details
000 -LEADER
fixed length control field 00642nam a2200253Ia 4500
008 - FIXED-LENGTH DATA ELEMENTS--GENERAL INFORMATION
fixed length control field 181129s9999 xx 000 0 und d
020 ## - INTERNATIONAL STANDARD BOOK NUMBER
International Standard Book Number 9780531175361
050 ## - LIBRARY OF CONGRESS CALL NUMBER
Item number R244 2008
100 ## - MAIN ENTRY--PERSONAL NAME
Personal name Rauf, Don
245 #0 - TITLE STATEMENT
Title Killer lipstick and other spy gadgets /
245 #0 - TITLE STATEMENT
Statement of responsibility, etc by Don Rauf.
260 ## - PUBLICATION, DISTRIBUTION, ETC. (IMPRINT)
Place of publication, distribution, etc New York, NY :
260 ## - PUBLICATION, DISTRIBUTION, ETC. (IMPRINT)
Name of publisher, distributor, etc Scholastic,
260 ## - PUBLICATION, DISTRIBUTION, ETC. (IMPRINT)
Date of publication, distribution, etc 2008
300 ## - PHYSICAL DESCRIPTION
Extent 64 pages :
300 ## - PHYSICAL DESCRIPTION
Other physical details color illustrations ;
300 ## - PHYSICAL DESCRIPTION
Dimensions 22cm.
440 ## - SERIES STATEMENT/ADDED ENTRY--TITLE
Title 24/7, science behind the scenes ; Spy files,
500 ## - GENERAL NOTE
General note 780L
650 ## - SUBJECT ADDED ENTRY--TOPICAL TERM
Topical term or geographic name as entry element Espionage --
650 ## - SUBJECT ADDED ENTRY--TOPICAL TERM
General subdivision Equipment and supplies.
700 ## - ADDED ENTRY--PERSONAL NAME
Personal name Series.
700 ## - ADDED ENTRY--PERSONAL NAME
Personal name Title.
Holdings
Withdrawn status Lost status Damaged status Home library Current library Shelving location Date acquired Total Checkouts Full call number Barcode Date last seen Price effective from Koha item type
      Stonyhurst Southville International School (Malarayat) Stonyhurst Southville International School (Malarayat)   11/29/2018   LEX R244 2008 SSISM5619 11/29/2018 11/29/2018 Lexile

Killer lipstick and other spy gadgets /

APA

Rauf D., Series & Title.Killer lipstick and other spy gadgets. New York, NY: .

Chicago

Rauf Don, Series and Title.Killer lipstick and other spy gadgets. New York, NY: .

Harvard

Rauf D., Series and Title.Killer lipstick and other spy gadgets. New York, NY: .

MLA

Rauf Don, Series and Title.New York, NY: . .

  • Place hold
  • Print
  • Cite
  • Add to your cart (remove)
  • Save record
    BIBTEX Dublin Core MARCXML MARC (non-Unicode/MARC-8) MARC (Unicode/UTF-8) MARC (Unicode/UTF-8, Standard) MODS (XML) RIS
  • More searches
    Search for this title in:
    Other Libraries (WorldCat) Other Databases (Google Scholar) Online Stores (Bookfinder.com) Open Library (openlibrary.org)

Exporting to Dublin Core...

SOUTHVILLE LIBRARY

Southville International School and Colleges Library

1281 Tropical Ave. Cor. Luxembourg St., BF Homes International, Las Pinas City

Tel. No. 8256374 / 252358 Loc. 117/146

Powered by Koha